000 01106naa a22003137a 4500
001 BR7805312
003 BR-BrBNA
005 20240918174214.0
007 ta
008 230509b bl.||||| |||| 00| 0 por d
040 _aBR-BrBNA
_bpor
_cBiblioteca Nacional de Agricultura
041 _a(Pt)
072 _aF00
_b1530
_bG514
090 _aF00 BR7805312
100 1 _aPedrosa, J.F.
100 1 _aFerreira, F.A.
245 1 _aEfeito do arranjamento de plantas e densidade de plantio na producao de cenoura (Daucus carota L.), em solo de baixada [Minas Gerais, Brasil]
260 3 _aBelo Horizonte, MG (Brasil):
_c1978.
500 _aProjeto olericultura. Relatorio anual 1975/76 Belo Horizonte, MG (Brasil): 1978. p. 238-239 (BR7805312-AM)F00
650 _aCENOURA
650 _aDENSIDADE DE PLANTIO
650 _aESPACAMENTO
650 _aPLANTIO
650 _aRENDIMENTO
650 _aMINAS GERAIS
773 0 _tProjeto olericultura. Relatorio anual 1975/76
_wF00 BR7805312
_gBelo Horizonte, MG (Brasil), 1978. p. 238-239
909 _a202404
_bLucia
_c55
_dLucia Elande
942 _cAM
_2AGRIS
999 _c309585
_d309585